Suomen joukkue Pariisin Olympialaisiin 2024 - Statistics

Yleistilastot
  • Tätä visaa on pelattu 53 kertaa
  • Keskiarvotulos 25 / 56
Vastaustilastot
Laji Nimi % Oikein
seiväshyppy Wilma Murto
94%
moukarinheitto Silja Kosonen
85%
keihäänheitto Oliver Helander
82%
korkeushyppy Ella Junnila
79%
200 m rintauinti Matti Mattsson
79%
7-ottelu Saga Vanninen
79%
seiväshyppy Elina Lampela
76%
moukarinheitto Krista Tervo
76%
100 m aitajuoksu Lotta Harala
76%
3000 m estejuoksu Topi Raitanen
76%
110 m aitajuoksu Elmo Lakka
74%
100 m aitajuoksu Reetta Hurske
74%
kolmiloikka Senni Salminen
74%
20 km kävely Aku Partanen
71%
keihäänheitto Lassi Etelätalo
71%
park Heili Sirviö
65%
400 m aitajuoksu Viivi Lehikoinen
65%
5000 m Nathalie Blomqvist
59%
golf Sami Välimäki
59%
seiväshyppy Urho Kujanpää
56%
maraton Camilla Richardsson
53%
100 m rintauinti Ida Hulkko
53%
3000 m estejuoksu Ilona Mononen
53%
100 m Lotta Kemppinen
53%
800 m Eveliina Määttänen
50%
+100 kg Martti Puumalainen
47%
50 kg Pihla Kaivo-oja
47%
keihäänheitto Toni Keränen
47%
keihäänheitto Anni-Linnea Alanen
44%
97 kg Arvi Savolainen
44%
1500 m Sara Lappalainen
44%
moukarinheitto Suvi Koskinen
44%
skeet Eetu Kallioinen
38%
66 kg Luukas Saha
38%
77 kg Jonni Sarkkinen
29%
ILCA7 Kaarle Tapper
26%
Nacra 17 Sinem Kurtbay
26%
golf Tapio Pulkkanen
26%
Nacra 17 Akseli Keskinen
24%
ilmakivääri, asentokilpailu Aleksi Leppä
24%
kouluratsastus Henri Ruoste
24%
golf Ursula Wikström
24%
sulkapallo Kalle Koljonen
21%
trap Noora Antikainen
21%
kenttäratsastus Veera Manninen
18%
tähtäinjousi Antti Tekoniemi
15%
kouluratsastus Emma Kanerva
15%
ILCA6 Monika Mikkola
12%
golf Noora Komulainen
12%
49er FX Ronja Grönblom
9%
maantie Anniina Ahtosalo
6%
iQFoil Jakob Eklund
6%
kouluratsastus Joanna Robinson
6%
kenttäratsastus Sanna Siltakorpi
6%
49er FX Veera Hokka
6%
maasto Joni Savaste
3%
Ehtoja vastaavia visoja ei löytynyt
Tulosjakauma
Jokaisen tuloksen saaneiden osuus
Persentiili vastausten määrän mukaan
Tuloshistoriasi
Et ole pelannut tätä visaa